000 00464nam a2200169Ia 4500
008 230711s9999||||xx |||||||||||||| ||und||
020 _a978-81-313-0417-4
041 _aENG
082 _a641.308
_bMA-F
100 _aMahindru,S.N
245 0 _aFood Additives : Characteristics,Detection and Estimation
250 _a1st Ed.
260 _c2017
_aNew Delhi
_bA P H Publishing Corporation
300 _a339p.
650 _aFood Science and Technology
942 _cBK
999 _c7415
_d7415